| 000 | 00638 a2200193 4500 | ||
|---|---|---|---|
| 020 | _a354070860X | ||
| 020 | _a9783540708605 | ||
| 082 | _a536.7 | ||
| 090 |
_c1355 _d1355 |
||
| 100 | 1 | _aAlicki, Robert. | |
| 245 | 1 | 0 |
_aQuantum dynamical semigroups and applications / _cRobert Alicki, K. Lendi. |
| 260 |
_a[S.l.] : _bSpringer, _c2007. |
||
| 300 |
_a142 p. ; _c24 cm. |
||
| 490 | 1 | _aLecture notes in physics. | |
| 700 | 1 | _aLendi, K. | |
| 830 | 0 | _aLecture notes in physics. | |
| 942 |
_aSNS _cBK _k536.7 ALI |
||
| 999 |
_c29968 _d29968 |
||